|
|
|
|
| LEADER |
00000nas a2200000 a 4500 |
| 001 |
ssj0012668 |
| 003 |
WaSeSS |
| 005 |
20200512172242.0 |
| 006 |
m d |
| 007 |
cr n |
| 008 |
080728d19902011paubx p s g 0 0eng c |
| 010 |
|
|
|a 2016250509
|
| 022 |
|
|
|y 1047-6261
|
| 035 |
|
|
|a (WaSeSS)ssj0012668
|
| 040 |
|
|
|a GLL
|b eng
|c GLL
|d ILI
|d OCLCQ
|d UCO
|d OCLCF
|d OCLCO
|d BUF
|d OCLCQ
|d OCL
|d OCLCQ
|d WaSeSS
|
| 042 |
|
|
|a pcc
|
| 043 |
|
|
|a n-us---
|
| 050 |
1 |
4 |
|a K16
|b .R222
|
| 082 |
0 |
4 |
|a 347.73/7/05
|a 347.307705
|2 20
|
| 245 |
0 |
4 |
|a The practical litigator
|h [electronic resource].
|
| 246 |
3 |
0 |
|a Litigator
|
| 260 |
|
|
|a [Philadelphia, Pa.] :
|b American Law Institute-American Bar Association Committee on Continuing Professional Education,
|c ©1989-©2011.
|
| 310 |
|
|
|a Six no. a year
|
| 362 |
1 |
|
|a Began with v. 1, no. 1 (Jan. 1990); ceased with v. 22, no. 3 (May 2011).
|
| 506 |
|
|
|a License restrictions may limit access.
|
| 588 |
|
|
|a Description based on: Vol. 1, no. 1 (Jan. 1990); title from PDF contents page (HeinOnline, viewed Mar. 1, 2016).
|
| 588 |
|
|
|a Latest issue consulted: Vol. 22, no. 3 (May 2011) (HeinOnline, viewed Mar. 1, 2016).
|
| 650 |
|
0 |
|a Trial practice
|z United States
|v Periodicals.
|
| 650 |
|
7 |
|a Trial practice.
|2 fast
|0 (OCoLC)fst01156264
|
| 651 |
|
7 |
|a United States.
|2 fast
|0 (OCoLC)fst01204155
|
| 655 |
|
0 |
|a Electronic journals.
|
| 710 |
2 |
|
|a American Law Institute-American Bar Association Committee on Continuing Professional Education.
|
| 776 |
0 |
8 |
|i Print version:
|t Practical litigator
|x 1047-6261
|w (DLC) 90649053
|w (OCoLC)20765675
|
| 856 |
4 |
0 |
|z Full text available from Research Library: 01/01/1992 to 05/31/2011
|u https://search.proquest.com/publication/4893
|